| Tag |
First Indicator |
Second Indicator |
Subfields |
| LEADER |
00000cam a22000001a 4500 |
| 001 |
in00004100647 |
| 005 |
20200117091333.0 |
| 006 |
m d f |
| 007 |
cr bn mmmapmmp |
| 008 |
100709s2010 dcu ob f000 0 eng d |
| 035 |
|
|
|a chdc201001089
|
| 040 |
|
|
|a UMI
|c UMI
|d UtOrBLW
|
| 042 |
|
|
|a pcc
|
| 043 |
|
|
|a n-us---
|
| 074 |
|
|
|a 1035-C
|
| 086 |
0 |
|
|a Y 4.B 22/3:S.HRG.111-281
|
| 110 |
1 |
|
|a United States.
|b Congress.
|b Senate.
|b Committee on Banking, Housing, and Urban Affairs.
|b Subcommittee on Economic Policy.
|0 http://id.loc.gov/authorities/names/n83229949
|
| 245 |
1 |
4 |
|a The United States as global competitor :
|b what are the elements of a national manufacturing strategy? : hearing before the Subcommittee on Economic Policy of the Committee on Banking, Housing, and Urban Affairs, United States Senate, One Hundred Eleventh Congress, first session, on examining what policies Congress should consider to help revitalize U.S. manufacturing, July 17, 2009.
|
| 264 |
|
1 |
|a Washington :
|b U.S. G.P.O.,
|c 2010.
|
| 264 |
|
2 |
|a Washington :
|b For sale by the Supt. of Docs., U.S. G.P.O.
|
| 300 |
|
|
|a iii, 34 pages, digital, PDF file.
|
| 336 |
|
|
|a text
|b txt
|2 rdacontent
|
| 337 |
|
|
|a computer
|b c
|2 rdamedia
|
| 338 |
|
|
|a online resource
|b cr
|2 rdacarrier
|
| 490 |
1 |
|
|a S. hrg. ;
|v 111-281
|
| 500 |
|
|
|a Shipping list number: 2010-0186-P.
|
| 504 |
|
|
|a Includes bibliographical references (page 30).
|
| 500 |
|
|
|a Record is based on bibliographic data in ProQuest Congressional Hearings Digital Collection. Reuse except for individual research requires license from ProQuest, LLC.
|
| 500 |
|
|
|a Electronic resource.
|
| 533 |
|
|
|a Electronic reproduction.
|b [Bethesda, Md.] :
|c ProQuest,
|d 2010.
|e digital, PDF file.
|n ProQuest U.S. Congressional Hearings Digital Collection.
|n Mode of access: World Wide Web via ProQuest website.
|
| 538 |
|
|
|a System requirements: PDF reader software.
|
| 650 |
|
0 |
|a Manufacturing industries
|x Government policy
|z United States.
|
| 650 |
|
0 |
|a Industrial policy
|z United States.
|0 http://id.loc.gov/authorities/subjects/sh2008104504
|
| 650 |
|
0 |
|a Competition, International.
|0 http://id.loc.gov/authorities/subjects/sh85029339
|
| 651 |
|
0 |
|a United States
|x Economic policy
|y 2009-
|0 http://id.loc.gov/authorities/subjects/sh2009006640
|
| 776 |
0 |
8 |
|i Print version:
|a United States. Congress. Senate. Committee on Banking, Housing, and Urban Affairs. Subcommittee on Economic Policy.
|t United States as global competitor
|w 9780160854484
|w 0160854482
|w (OCoLC)589327254
|z 2010443731
|
| 776 |
0 |
8 |
|i Microfiche version:
|a United States. Congress. Senate. Committee on Banking, Housing, and Urban Affairs. Subcommittee on Economic Policy.
|t United States as global competitor
|d [Bethesda, Md.] : ProQuest,[2010]
|o CIS 2010 S241-74
|w (ProQuest)cis01002785
|
| 810 |
1 |
|
|a United States.
|b Congress.
|b Senate.
|t S. hrg. ;
|v 111-281.
|0 http://id.loc.gov/authorities/names/n83707917
|
| 856 |
4 |
0 |
|u http://proxy.library.tamu.edu/login?url=http://search.proquest.com/congcomp/getdoc?HEARING-ID=HRG-2009-BHU-0038
|y Electronic resource (PDF)
|t 0
|
| 998 |
|
|
|a cis01002785
|
| 999 |
f |
f |
|s 307a8227-a6e9-3102-a0d4-699813fecd7b
|i 3f1f436a-ba1b-3a85-9961-9d65a81b7529
|t 0
|
| 952 |
f |
f |
|a Texas A&M University
|b College Station
|c Electronic Resources
|d Available Online
|t 0
|e Y 4.B 22/3:S.HRG.111-281
|h Superintendent of Documents classification
|
| 998 |
f |
f |
|a Y 4.B 22/3:S.HRG.111-281
|t 0
|l Available Online
|